| 000 | 01045nam a2200325 i 4500 | ||
|---|---|---|---|
| 003 | DO-SdBPM | ||
| 005 | 20250909081937.0 | ||
| 007 | ta | ||
| 008 | 100322s2025 dr a a 000 0 spspa d | ||
| 020 | _a9789945224498 | ||
| 040 |
_aDO-SdBPM _bspa _cBPMSU _erda |
||
| 082 | 4 |
_aRD863.5 _bR175ch 2025 _222 |
|
| 100 | 1 |
_aRamos Miranda, Evelyn _eautora _d |
|
| 245 | 1 | 3 |
_aEl charamico mágico de la navidadl / _cEvelyn Ramos Miranda ; ilustraciones, Henry Cid |
| 264 |
_aSanto Domingo : _bEditora Búho, _c2025 |
||
| 300 |
_a28 páginas: _bilustraciones ; _c27 cm. |
||
| 336 |
_2rdacontent _atexto _btxt |
||
| 337 |
_2rdamedia _asin mediación _bn |
||
| 338 |
_2rdacarrier _avolumen _bnc |
||
| 500 | _a | ||
| 521 | _a | ||
| 590 | _aInventariado, 2025/VM | ||
| 650 | 7 | _aCuentos infantiles dominicanos | |
| 650 | 7 |
_aCuentos de navidad _v |
|
| 650 | 7 | _aLiteratura infantil dominicana | |
| 650 | 7 | _aLibros ilustrados para niños | |
| 700 | 1 |
_aCid, Henry _eilustraciones |
|
| 910 | _aVMateo V. Control de calidad. BPMSU | ||
| 942 |
_2ddc _cBK |
||
| 999 |
_c15374 _d15374 |
||